Subhasta : dissabte, 27 febrer, 1932 : Sala Parés - Petritxol-U
Descripción Física:
[6] pàgines : il·lustracions en blanc i negre ; 27 x 21'5 cm
Idioma:
Catalán
MARC
| LEADER | 00000nam a2200000 a 4500 | ||
|---|---|---|---|
| 001 | 24930 | ||
| 003 | AGDB | ||
| 005 | 20260324181544.0 | ||
| 008 | 260115b spa||||| |||| 00| 0 cat d | ||
| 040 | |a agdb |b cat | ||
| 041 | |a cat | ||
| 110 | |a Sala Parés |9 72861 |e institució d'acollida | ||
| 245 | |a Subhasta : dissabte, 27 febrer, 1932 : Sala Parés - Petritxol-U | ||
| 260 | |a Barcelona : |b Sala Parés, |c 1932 | ||
| 300 | |a [6] pàgines : |b il·lustracions en blanc i negre ; |c 27 x 21'5 cm | ||
| 500 | |a Prové del fons Joan Junyer i Pascual (1909-1994) | ||
| 500 | |a Catàleg de pintures de la subhasta celebrada a la Sala Parés, Barcelona, del 27 de febrer de 1932 | ||
| 500 | |a Anotacions manuscrites comentant les obres subhastades | ||
| 650 | |a Fons Joan Junyer i Pascual (1909-1994) |9 72777 | ||
| 650 | 0 | |a Subhastes d'art |2 Arxiu |9 41643 | |
| 650 | 0 | |a Art |x Exposicions |x Catàlegs |2 Arxiu |9 47687 | |
| 942 | |2 udc |c ARXIU |n 1 | ||
| 952 | |0 0 |1 0 |2 udc |4 0 |6 F504353 |7 1 |9 98948 |a Arxiu |b Arxiu |d 2026-01-15 |l 0 |o F-504-353 |p 24930 |r 2026-01-15 10:37:26 |w 2026-01-15 |y ARXIU | ||
| 999 | |c 130616 |d 130616 | ||